Markets (Record no. 83245)

MARC details
000 -LEADER
fixed length control field 01277cab a22002175a 4500
001 - CONTROL NUMBER
control field L153270
008 - FIXED-LENGTH DATA ELEMENTS--GENERAL INFORMATION
fixed length control field 110704e20110626xxk 000 0 eng d
035 ## - SYSTEM CONTROL NUMBER
System control number (Sirsi) u153270
041 0# - LANGUAGE CODE
Language code of text/sound track or separate title eng
100 1# - MAIN ENTRY--PERSONAL NAME
Personal name Sandher, Hardeep
245 00 - TITLE STATEMENT
Title Markets
Remainder of title Yorkshire and Lincolnshire
260 ## - PUBLICATION, DISTRIBUTION, ETC.
Date of publication, distribution, etc. 2011
490 #0 - SERIES STATEMENT
Series statement Property Week
Volume/sequential designation 77(25) 26 June 2011, 51-62(5)
520 ## - SUMMARY, ETC.
Summary, etc. Administrator Deloitte brings Velocity Village in Sheffield, one of Yorkshire's biggest speculative office and residential schemes, to the market for £35m. Examines how four Yorkshire retail schemes, Westfield Bradford, Trinity Walk Wakefield, Trinity Leeds, and Eastgate Quarters Leeds, are faring as regional retail demand reaches encouraging levels. Opus North backed by Palmer Capital Partners is close to getting funding for a new stadium for Castleford Tigers' rugby league team. Network Rail has sought proposals for a commercial scheme on Princes Square next to Leeds station. Humber-wide local enterprise partnership approved by government.
590 ## - LOCAL NOTE (RLIN)
Local note KA
651 #4 - SUBJECT ADDED ENTRY--GEOGRAPHIC NAME
Geographic name Yorkshire
Chronological subdivision 1888-
651 4# - SUBJECT ADDED ENTRY--GEOGRAPHIC NAME
Geographic name Lincolnshire
690 ## - LOCAL SUBJECT ADDED ENTRY--TOPICAL TERM (OCLC, RLIN)
Topical term or geographic name as entry element PROPERTY-COMMERCIAL PROPERTY-COMMERCIAL PROPERTY MARKET
690 ## - LOCAL SUBJECT ADDED ENTRY--TOPICAL TERM (OCLC, RLIN)
Topical term or geographic name as entry element PROPERTY-COMMERCIAL PROPERTY-COMMERCIAL PROPERTY FINANCE AND INVESTMENT
942 ## - ADDED ENTRY ELEMENTS (KOHA)
Suppress in OPAC 0
Holdings
Withdrawn status Lost status Source of classification or shelving scheme Damaged status Not for loan Home library Current library Shelving location Date acquired Total Checkouts Full call number Barcode Date last seen Copy number Price effective from Koha item type
    Dewey Decimal Classification     London London Journal article 04/07/2011   L153270 153270-1001 06/08/2019 1 06/08/2019 Journal article